[Event "Utrecht OKU op 41st"]
[Site "Utrecht"]
[Date "2014.06.01"]
[Round "5"]
[White "Epishin, Vladimir"]
[Black "Visser, Yge"]
[Result "1/2-1/2"]
[WhiteElo "2548"]
[BlackElo "2465"]
[PlyCount "105"]
[EventDate "2014.05.30"]
[EventType "swiss"]
[EventRounds "6"]
[EventCountry "NED"]
[SourceTitle "CBM 160 Extra"]
[Source "ChessBase"]
[SourceDate "2014.07.01"]
[SourceVersion "1"]
[SourceVersionDate "2014.07.01"]
[SourceQuality "1"]

1. d4 Nf6 2. c4 g6 3. Nc3 Bg7 4. e4 d6 5. Nf3 0-0 6. Be2 Na6 7. 0-0 c6 8. Re1 e5 9. Bf1 Ng4 10. Bg5 f6 11. Bc1 exd4 12. Qxd4 f5 13. Qd2 f4 14. Rb1 Nc5 15. b4 Ne6 16. Bb2 Ng5 17. Nxg5 Qxg5 18. f3 Ne5 19. Kh1 Be6 20. Nd1 Rad8 21. Rc1 Qh5 22. Nf2 Bf6 23. Red1 g5 24. Be2 Qh4 25. Rf1 h5 26. Rc2 g4 27. Qxf4 Nxf3 28. gxf3 Bxb2 29. Qg3 Qxg3 30. hxg3 gxf3 31. Bd1 Be5 32. Nd3 Bg4 33. Kh2 Rde8 34. c5 dxc5 35. Rxc5 Bd6 36. Rc4 Re7 37. a3 Bc7 38. Rd4 Bb6 39. Nc5 Re5 40. Rc4 Bxc5 41. bxc5 Kg7 42. Kg1 Rd8 43. Bxf3 Rd3 44. Kg2 Rxa3 45. Bxg4 hxg4 46. Rf4 Ra2+ 47. Kg1 Ra5 48. Rd4 Re7 49. Rf5 b6 50. e5 Rxc5 51. Rxg4+ Kh8 52. Rh5+ Rh7 53. Rhg5 1/2-1/2

[Event "Utrecht OKU op 41st"]
[Site "Utrecht"]
[Date "2014.05.31"]
[Round "2"]
[White "Visser, Yge"]
[Black "Rebers, Eugene H"]
[Result "1-0"]
[WhiteElo "2465"]
[BlackElo "2240"]
[PlyCount "77"]
[EventDate "2014.05.30"]
[EventType "swiss"]
[EventRounds "6"]
[EventCountry "NED"]
[SourceTitle "CBM 160 Extra"]
[Source "ChessBase"]
[SourceDate "2014.07.01"]
[SourceVersion "1"]
[SourceVersionDate "2014.07.01"]
[SourceQuality "1"]

1. e4 c5 2. d3 Nc6 3. g3 Nf6 4. Bg2 d5 5. Nd2 e6 6. Ngf3 Be7 7. 0-0 0-0 8. Re1 b5 9. e5 Nd7 10. Nf1 a5 11. h4 b4 12. Bf4 a4 13. a3 bxa3 14. bxa3 Ba6 15. Ne3 Rc8 16. Ng4 Nd4 17. Nxd4 cxd4 18. Qd2 Qb6 19. Ra2 Rc3 20. Bg5 f6 21. exf6 gxf6 22. Bxd5 Nc5 23. Bh6 Rf7 24. Bg2 e5 25. Qd1 Qe6 26. Rb2 Nd7 27. Bd2 Rg7 28. Nh6+ Kh8 29. Qh5 Rc8 30. Bb4 Bxb4 31. Rxb4 Rxc2 32. Be4 Rc8 33. Rxa4 Nc5 34. Bf5 Qc6 35. Rxa6 Qxa6 36. Bxc8 Qxc8 37. Rc1 Rc7 38. Nf7+ Kg8 39. Nd6 1-0

[Event "Utrecht OKU op 41st"]
[Site "Utrecht"]
[Date "2014.05.30"]
[Round "1"]
[White "Sanijs, Frans"]
[Black "Visser, Yge"]
[Result "0-1"]
[WhiteElo "2051"]
[BlackElo "2465"]
[PlyCount "76"]
[EventDate "2014.05.30"]
[EventType "swiss"]
[EventRounds "6"]
[EventCountry "NED"]
[SourceTitle "CBM 160 Extra"]
[Source "ChessBase"]
[SourceDate "2014.07.01"]
[SourceVersion "1"]
[SourceVersionDate "2014.07.01"]
[SourceQuality "1"]

1. c4 g6 2. d4 Bg7 3. e4 d6 4. Be2 c5 5. Nf3 cxd4 6. Nxd4 Nc6 7. Be3 Nf6 8. Nc3 0-0 9. 0-0 Nd7 10. Rc1 Nc5 11. Qd2 Bd7 12. Rfd1 Qa5 13. f3 Rae8 14. Bf1 f5 15. exf5 gxf5 16. Nde2 Ne6 17. Kh1 Ne5 18. b3 Ng6 19. c5 Nxc5 20. Bxc5 Qxc5 21. Nd5 Qf2 22. Nc7 Rb8 23. Qd5+ Kh8 24. Ne6 Bxe6 25. Qxe6 Bh6 26. Rc3 Rf6 27. Rc8+ Rxc8 28. Qxc8+ Rf8 29. Qxb7 Be3 30. Qb4 Nf4 31. Qe1 Nd3 32. Qc3+ Ne5 33. Qe1 Qxe1 34. Rxe1 Nd3 35. Rb1 Nf2+ 36. Kg1 Rc8 37. g3 Rc2 38. Kg2 e5 0-1

[Event "Groningen Atlantis op-A"]
[Site "Groningen"]
[Date "2013.08.25"]
[Round "7"]
[White "Visser, Yge"]
[Black "Hoeksema, Hendrik Pieter"]
[Result "1-0"]
[WhiteElo "2465"]
[BlackElo "2365"]
[PlyCount "115"]
[EventDate "2013.08.22"]
[EventType "swiss"]
[EventRounds "7"]
[EventCountry "NED"]
[SourceTitle "CBM 156 Extra"]
[Source "ChessBase"]
[SourceDate "2013.10.22"]
[SourceVersion "1"]
[SourceVersionDate "2013.10.22"]
[SourceQuality "1"]

1. e4 c5 2. Nf3 d6 3. a3 Nf6 4. Nc3 Nc6 5. Rb1 g6 6. b4 Bg7 7. Bb5 Bd7 8. bxc5 dxc5 9. 0-0 0-0 10. Re1 a6 11. Bf1 b5 12. h3 e5 13. Nd5 Nxd5 14. exd5 Nd4 15. Nxe5 Bf5 16. Bd3 Bxd3 17. Nxd3 Qxd5 18. Bb2 Rad8 19. Bxd4 Bxd4 20. Re2 c4 21. Ne1 Bc5 22. Ra1 Qf5 23. c3 Rd5 24. a4 b4 25. cxb4 Bxb4 26. Qc1 Rc8 27. Qb2 a5 28. Rc1 Qd7 29. Nf3 Qxa4 30. Re4 Qd7 31. Rexc4 Rxc4 32. Rxc4 Bf8 33. d4 Bd6 34. Qc2 Qb5 35. g3 Kg7 36. Nd2 Bb4 37. Nf1 Qd7 38. Ne3 Rd6 39. d5 Qxh3 40. Qb2+ Kg8 41. Ng4 Rd8 42. Nf6+ Kf8 43. Rh4 Qf5 44. Rf4 Qh3 45. Rh4 Qf5 46. Rf4 Qh3 47. Rh4 Qf5 48. Nxh7+ Ke7 49. Nf6 Bd6 50. Re4+ Kf8 51. Nd7+ Kg8 52. Rh4 f6 53. Nxf6+ Kf8 54. Rh8+ Ke7 55. Rh7+ Kf8 56. Nd7+ Ke8 57. Qh8+ Bf8 58. Nf6+ 1-0

[Event "Groningen Atlantis op-A"]
[Site "Groningen"]
[Date "2013.08.23"]
[Round "2"]
[White "Visser, Yge"]
[Black "Lambrechts, Koen"]
[Result "1-0"]
[WhiteElo "2465"]
[BlackElo "2270"]
[PlyCount "59"]
[EventDate "2013.08.22"]
[EventType "swiss"]
[EventRounds "7"]
[EventCountry "NED"]
[SourceTitle "CBM 156 Extra"]
[Source "ChessBase"]
[SourceDate "2013.10.22"]
[SourceVersion "1"]
[SourceVersionDate "2013.10.22"]
[SourceQuality "1"]

1. e4 c6 2. d3 d5 3. Nd2 e5 4. Ngf3 Bd6 5. g3 Nf6 6. Bg2 0-0 7. 0-0 Re8 8. h3 Nbd7 9. Kh2 a5 10. Nh4 Nf8 11. Qf3 Ne6 12. Re1 Bc5 13. Nb3 Bf8 14. a4 dxe4 15. dxe4 Nd4 16. Nxd4 Qxd4 17. Bf1 Be6 18. Nf5 Qb4 19. Bg5 Nd7 20. Rad1 Qxa4 21. b3 Qb4 22. Qg4 Kh8 23. Bc4 Bxc4 24. bxc4 Nc5 25. Nh6 f6 26. Nf7+ Kg8 27. Nh6+ Kh8 28. Bxf6 Qxc4 29. Rd5 cxd5 30. Nf7+ 1-0

[Event "Dieren op"]
[Site "Dieren"]
[Date "2010.08.04"]
[Round "8"]
[White "Visser, Yge"]
[Black "Merza, Morris"]
[Result "1-0"]
[WhiteElo "2469"]
[BlackElo "2063"]
[PlyCount "123"]
[EventDate "2010.07.27"]
[EventType "swiss"]
[EventRounds "9"]
[EventCountry "NED"]
[SourceTitle "CBM 137 Extra"]
[Source "ChessBase"]
[SourceDate "2010.09.01"]
[SourceVersion "1"]
[SourceVersionDate "2010.09.01"]
[SourceQuality "1"]

1. e4 c6 2. d4 d5 3. Nd2 dxe4 4. Nxe4 Bf5 5. Ng3 Bg6 6. Bc4 e6 7. N1e2 Be7 8. Nf4 Bf6 9. c3 Nd7 10. Qe2 Ne7 11. h4 h6 12. Nxg6 Nxg6 13. h5 Ngf8 14. Ne4 Be7 15. Bf4 Nf6 16. Nc5 Qb6 17. Nd3 N8d7 18. Rh3 Qa5 19. Ne5 Nxe5 20. Bxe5 0-0-0 21. Kf1 Bd6 22. Rf3 Ng4 23. b4 Qc7 24. Bxg7 Nh2+ 25. Kg1 Nxf3+ 26. Qxf3 Rhg8 27. Bxh6 Qe7 28. Qh3 Qf6 29. Be3 Be7 30. b5 Qh4 31. Qxh4 Bxh4 32. bxc6 bxc6 33. Rb1 Bg5 34. f4 Be7 35. Ba6+ Kd7 36. Rb7+ Ke8 37. Rxa7 Rg3 38. Kf2 Bh4 39. Bf1 Rg5+ 40. Ke2 Rxh5 41. a4 Rd7 42. Ra6 Bd8 43. Rxc6 Ra5 44. Kf3 Rc7 45. Rxc7 Bxc7 46. Bb5+ Ke7 47. c4 Ra8 48. Bc1 Ba5 49. Ba3+ Kf6 50. Bd6 Rd8 51. c5 Bb4 52. g4 Rxd6 53. cxd6 Bxd6 54. a5 Bc7 55. a6 Bb6 56. Ke4 Ke7 57. d5 Kd6 58. dxe6 Kxe6 59. Bc4+ Ke7 60. g5 Kf8 61. Kd5 Kg7 62. Bd3 1-0

[Event "Dieren op"]
[Site "Dieren"]
[Date "2010.07.30"]
[Round "4"]
[White "Visser, Yge"]
[Black "Heemskerk, Wim"]
[Result "0-1"]
[WhiteElo "2469"]
[BlackElo "2249"]
[PlyCount "44"]
[EventDate "2010.07.27"]
[EventType "swiss"]
[EventRounds "9"]
[EventCountry "NED"]
[SourceTitle "CBM 137 Extra"]
[Source "ChessBase"]
[SourceDate "2010.09.01"]
[SourceVersion "1"]
[SourceVersionDate "2010.09.01"]
[SourceQuality "1"]

1. e4 e6 2. d4 d5 3. Nd2 Be7 4. Ngf3 Nf6 5. e5 Nfd7 6. c3 c5 7. Bd3 b6 8. h4 Ba6 9. Bb1 h6 10. Nf1 Nc6 11. Ng3 Qc7 12. Ne2 0-0-0 13. b4 cxb4 14. cxb4 Bxb4+ 15. Bd2 Bxe2 16. Kxe2 Nxd4+ 17. Nxd4 Qc4+ 18. Bd3 Qxd4 19. Be3 Qg4+ 20. f3 Qxg2+ 21. Bf2 Bc5 22. Rf1 Nxe5 0-1

[Event "Dieren op"]
[Site "Dieren"]
[Date "2009.07.30"]
[Round "9"]
[White "Bezemer, Arno J"]
[Black "Visser, Yge"]
[Result "1/2-1/2"]
[WhiteElo "2332"]
[BlackElo "2464"]
[PlyCount "63"]
[EventDate "2009.07.21"]
[EventType "swiss"]
[EventRounds "9"]
[EventCountry "NED"]
[SourceTitle "CBM 131 Extra"]
[Source "ChessBase"]
[SourceDate "2009.09.03"]
[SourceVersion "2"]
[SourceVersionDate "2009.09.16"]
[SourceQuality "1"]

1. d4 Nf6 2. c4 g6 3. Nc3 Bg7 4. e4 d6 5. f4 0-0 6. Nf3 c5 7. d5 e5 8. fxe5 Ng4 9. exd6 f5 10. h3 Ne5 11. Be2 Nxf3+ 12. gxf3 fxe4 13. Nxe4 Qh4+ 14. Kd2 Bf5 15. Qe1 Qd8 16. Kc2 Nd7 17. Bd2 Ne5 18. Bc3 a6 19. a4 Qxd6 20. Qd2 Bxe4+ 21. fxe4 Rf2 22. Raf1 Rg2 23. Rhg1 Rh2 24. Rh1 Nxc4 25. Qd3 b5 26. Rxh2 Qxh2 27. Bxg7 Kxg7 28. Qf3 Ne5 29. Qf6+ Kg8 30. Qe6+ Kg7 31. Qf6+ Kg8 32. Qe6+ 1/2-1/2

[Event "Dieren op"]
[Site "Dieren"]
[Date "2009.07.28"]
[Round "7"]
[White "Visser, Yge"]
[Black "Swinkels, Robin"]
[Result "1-0"]
[WhiteElo "2464"]
[BlackElo "2516"]
[PlyCount "71"]
[EventDate "2009.07.21"]
[EventType "swiss"]
[EventRounds "9"]
[EventCountry "NED"]
[SourceTitle "CBM 131 Extra"]
[Source "ChessBase"]
[SourceDate "2009.09.03"]
[SourceVersion "2"]
[SourceVersionDate "2009.09.16"]
[SourceQuality "1"]

1. e4 c5 2. Nf3 e6 3. d3 Nc6 4. g3 g6 5. Bg2 Bg7 6. 0-0 Nge7 7. c3 e5 8. Na3 0-0 9. h4 h6 10. h5 g5 11. Nh2 d6 12. f4 gxf4 13. gxf4 f5 14. Be3 Be6 15. Qd2 Kh7 16. fxe5 Nxe5 17. d4 cxd4 18. cxd4 Ng4 19. Nxg4 fxg4 20. Rxf8 Qxf8 21. d5 Bd7 22. Nc4 Qe8 23. Bd4 Qxh5 24. Bxg7 Kxg7 25. Rf1 g3 26. Qc3+ Kh7 27. Qxg3 Rg8 28. Qf3 Qh4 29. Rf2 Bh3 30. Nxd6 Rg3 31. Qf7+ Rg7 32. Qf3 Rg3 33. Qf8 Rg7 34. Ne8 Rxg2+ 35. Rxg2 Bxg2 36. Qg7# 1-0

[Event "Dieren op"]
[Site "Dieren"]
[Date "2009.07.22"]
[Round "2"]
[White "Otte, Marijn Willem"]
[Black "Visser, Yge"]
[Result "0-1"]
[WhiteElo "2298"]
[BlackElo "2464"]
[PlyCount "100"]
[EventDate "2009.07.21"]
[EventType "swiss"]
[EventRounds "9"]
[EventCountry "NED"]
[SourceTitle "CBM 131 Extra"]
[Source "ChessBase"]
[SourceDate "2009.09.03"]
[SourceVersion "2"]
[SourceVersionDate "2009.09.16"]
[SourceQuality "1"]

1. e4 g6 2. d4 d6 3. Nc3 a6 4. a4 Bg7 5. Nf3 Nd7 6. Be3 e6 7. Qd2 h6 8. a5 Ne7 9. Bd3 f5 10. Qe2 0-0 11. Bc4 Nf6 12. e5 Nfd5 13. Bd2 Nxc3 14. Bxc3 d5 15. Bd3 g5 16. h3 Rf7 17. g3 Bd7 18. Nd2 c5 19. dxc5 d4 20. Bb4 Nc6 21. Ba3 Nxe5 22. f4 Nxd3+ 23. cxd3 Bc6 24. Rg1 Qxa5 25. 0-0-0 Bd5 26. g4 b5 27. cxb6 Rc8+ 28. Nc4 Qxb6 29. gxf5 Rfc7 30. Kb1 Rxc4 31. dxc4 Bxc4 32. Rd3 Qb5 33. Ka1 Qxf5 34. Rc1 gxf4 35. b3 Bxd3 36. Rxc8+ Kh7 37. Qf2 Qe5 38. Bc1 Qa5+ 39. Kb2 Be2 40. Kb1 Bd3+ 41. Kb2 Be2 42. Kb1 Qb5 43. Rc7 Qxb3+ 44. Bb2 Bd3+ 45. Kc1 e5 46. Qh4 Bf5 47. Qf6 Qe3+ 48. Kd1 Qd3+ 49. Ke1 Qb1+ 50. Bc1 Qxc1+ 0-1

[Event "Dieren op"]
[Site "Dieren"]
[Date "2009.07.21"]
[Round "1"]
[White "Visser, Yge"]
[Black "Theulings, Paul Peter"]
[Result "1-0"]
[WhiteElo "2464"]
[BlackElo "2162"]
[PlyCount "69"]
[EventDate "2009.07.21"]
[EventType "swiss"]
[EventRounds "9"]
[EventCountry "NED"]
[SourceTitle "CBM 131 Extra"]
[Source "ChessBase"]
[SourceDate "2009.09.03"]
[SourceVersion "2"]
[SourceVersionDate "2009.09.16"]
[SourceQuality "1"]

1. e4 Nf6 2. e5 Nd5 3. Nf3 d6 4. d4 Nc6 5. exd6 exd6 6. c4 Nf6 7. Nc3 Be7 8. h3 d5 9. Bf4 0-0 10. Be2 Be6 11. c5 Ne4 12. Rc1 Bf6 13. 0-0 a6 14. a3 Re8 15. b4 Bf5 16. Re1 Nxc3 17. Rxc3 Be4 18. Re3 Ne7 19. Ne5 Nf5 20. Rc3 Nh4 21. Bf1 c6 22. Rce3 Bxe5 23. Bxe5 Qd7 24. f3 Bg6 25. g4 Qd8 26. Qd2 f5 27. Qf2 fxg4 28. hxg4 Bf7 29. f4 Ng6 30. Bd6 Qh4 31. f5 Qxf2+ 32. Kxf2 Nf8 33. Re7 a5 34. b5 cxb5 35. Bxb5 1-0

[Event "Oberliga NRW 0809"]
[Site "Germany"]
[Date "2009.04.26"]
[Round "9.1"]
[White "Hoolt, Sarah"]
[Black "Visser, Yge"]
[Result "1/2-1/2"]
[WhiteElo "2298"]
[BlackElo "2483"]
[PlyCount "83"]
[EventDate "2008.09.21"]
[EventType "team-tourn"]
[EventRounds "9"]
[EventCountry "GER"]
[SourceTitle "EXT 2010"]
[Source "ChessBase"]
[SourceDate "2010.11.25"]
[SourceVersion "1"]
[SourceVersionDate "2010.11.25"]
[SourceQuality "1"]
[WhiteTeam "Katernberg II"]
[BlackTeam "Wattenscheid II"]
[WhiteTeamCountry "GER"]
[BlackTeamCountry "GER"]

1. e4 e6 2. d4 d5 3. Nc3 Nf6 4. e5 Nfd7 5. f4 c5 6. Nf3 Nc6 7. Be3 a6 8. Qd2 b5 9. a3 Bb7 10. Bd3 Rc8 11. 0-0 g6 12. Qf2 b4 13. Nb1 Qb6 14. c3 bxc3 15. Nxc3 cxd4 16. Nxd4 Nxd4 17. Bxd4 Qxd4 18. Qxd4 Bc5 19. Ne2 g5 20. g3 gxf4 21. gxf4 f6 22. exf6 Nxf6 23. Qxc5 Rxc5 24. b4 Rc7 25. Nd4 Rg8+ 26. Kf2 Rc3 27. Ke3 Kf7 28. Rfc1 Rgc8 29. Rxc3 Rxc3 30. Kd2 Rc8 31. Rc1 Rxc1 32. Kxc1 Nh5 33. Ne2 h6 34. Kd2 Kf6 35. Ke3 e5 36. fxe5+ Kxe5 37. Nd4 Ng7 38. Be2 Ne6 39. Nxe6 Kxe6 40. Kd4 Kd6 41. Bg4 Bc6 42. Be2 1/2-1/2

[Event "NED-chT 0809"]
[Site "Netherlands"]
[Date "2009.03.28"]
[Round "7.1"]
[White "Wiersma, Eelke"]
[Black "Visser, Yge"]
[Result "1-0"]
[WhiteElo "2419"]
[BlackElo "2477"]
[PlyCount "69"]
[EventDate "2008.09.27"]
[EventType "team-tourn"]
[EventRounds "9"]
[EventCountry "NED"]
[SourceTitle "EXT 2010"]
[Source "ChessBase"]
[SourceDate "2010.11.25"]
[SourceVersion "1"]
[SourceVersionDate "2010.11.25"]
[SourceQuality "1"]
[WhiteTeam "Leiden LSG"]
[BlackTeam "Groningen Hotels"]
[WhiteTeamCountry "NED"]
[BlackTeamCountry "NED"]

1. d4 Nf6 2. c4 g6 3. Nc3 Bg7 4. e4 d6 5. Nf3 0-0 6. Be2 Na6 7. 0-0 e5 8. Be3 h6 9. Rb1 Qe8 10. dxe5 dxe5 11. Nd2 Qe6 12. b4 c6 13. b5 Nc7 14. bxc6 Qxc6 15. Nd5 Kh7 16. Ne7 Qe6 17. Nxc8 Qxc8 18. Qb3 Ne6 19. Qxb7 h5 20. Qxc8 Rfxc8 21. Rb7 Kg8 22. Rfb1 Bf8 23. f3 Nc5 24. Bxc5 Bxc5+ 25. Kf1 Ne8 26. Nb3 Bf8 27. c5 a5 28. Bc4 Nd6 29. cxd6 Rxc4 30. d7 Rd8 31. Nxa5 Rc2 32. Rd1 Be7 33. a4 Ra8 34. Nb3 Bd8 35. Rb5 1-0

[Event "NED-chT 0809"]
[Site "Netherlands"]
[Date "2008.12.13"]
[Round "4.5"]
[White "Van der Heijden, Ton"]
[Black "Visser, Yge"]
[Result "0-1"]
[WhiteElo "2245"]
[BlackElo "2477"]
[PlyCount "70"]
[EventDate "2008.09.27"]
[EventType "team-tourn"]
[EventRounds "9"]
[EventCountry "NED"]
[SourceTitle "EXT 2010"]
[Source "ChessBase"]
[SourceDate "2010.11.25"]
[SourceVersion "1"]
[SourceVersionDate "2010.11.25"]
[SourceQuality "1"]
[WhiteTeam "Bussum"]
[BlackTeam "Groningen Hotels"]
[WhiteTeamCountry "NED"]
[BlackTeamCountry "NED"]

1. d4 Nf6 2. c4 g6 3. Nc3 Bg7 4. e4 d6 5. f4 0-0 6. Nf3 Na6 7. Bd3 e5 8. fxe5 dxe5 9. d5 c6 10. 0-0 cxd5 11. cxd5 Ne8 12. a3 Nd6 13. b4 Nc7 14. Bg5 f6 15. Bh4 Nce8 16. Qd2 Nf7 17. Bf2 Ned6 18. Nb5 Nxb5 19. Bxb5 Nd6 20. Bd3 Bg4 21. Bc5 f5 22. Bxd6 Qxd6 23. h3 fxe4 24. Bxe4 Rf4 25. Rae1 Bd7 26. Qe3 a5 27. g3 Rf6 28. Kg2 axb4 29. axb4 Qxb4 30. Rb1 Qc4 31. Rfc1 Ra2+ 32. Kg1 Bh6 33. Qxh6 Qe2 34. Rc2 Rxc2 35. Bxc2 Rxf3 0-1

[Event "NED-ch63"]
[Site "Hilversum"]
[Date "2008.04.07"]
[Round "6"]
[White "Ernst, Sipke"]
[Black "Visser, Yge"]
[Result "1-0"]
[WhiteElo "2559"]
[BlackElo "2477"]
[PlyCount "188"]
[EventDate "2008.04.02"]
[EventType "tourn"]
[EventRounds "11"]
[EventCountry "NED"]
[EventCategory "12"]
[SourceTitle "CBM 124"]
[Source "ChessBase"]
[SourceDate "2008.05.28"]
[SourceVersion "1"]
[SourceVersionDate "2008.05.28"]
[SourceQuality "1"]

1. d4 Nf6 2. c4 c5 3. Nf3 cxd4 4. Nxd4 e5 5. Nb5 d5 6. cxd5 Bc5 7. g3 0-0 8. N5c3 Qb6 9. e3 Bg4 10. Be2 Bh3 11. a3 Rd8 12. Rg1 Bf5 13. g4 Bxb1 14. Rxb1 Qd6 15. b4 Bb6 16. g5 Nxd5 17. Nxd5 Qxd5 18. Qxd5 Rxd5 19. Bf3 Rd7 20. Bb2 Nc6 21. Rg4 Rad8 22. Rd1 Rxd1+ 23. Bxd1 Rd6 24. Bf3 a6 25. Ke2 Bc7 26. Be4 Kf8 27. Rh4 Bd8 28. Rxh7 Kg8 29. g6 fxg6 30. Rh3 Bf6 31. Bxg6 b5 32. Bh7+ Kf7 33. Be4 a5 34. Bc3 axb4 35. axb4 Ne7 36. Bd2 Nd5 37. Rh8 Bd8 38. Bd3 Nc7 39. Bc3 Bf6 40. Rc8 Rd7 41. Bf5 Re7 42. Bd2 Ne8 43. Rc6 e4 44. Rb6 g6 45. Bc8 Be5 46. Rxb5 Nd6 47. Rc5 Nxc8 48. Rxc8 Bxh2 49. Rc5 Rc7 50. Rd5 Rc4 51. Kd1 Bc7 52. Rd7+ Ke6 53. Rg7 Kf6 54. Rg8 Be5 55. Re8 g5 56. Rd8 g4 57. Rd5 Ke6 58. Ra5 Rc8 59. Ra6+ Bd6 60. Be1 Kd5 61. Ra5+ Kc4 62. Ke2 Rg8 63. Ra6 g3 64. fxg3 Bxg3 65. Rc6+ Kd5 66. Rc5+ Kd6 67. Bc3 Ra8 68. Rc4 Ra2+ 69. Kd1 Be5 70. Bd2 Kd5 71. Rc5+ Kd6 72. Rc8 Kd5 73. Bc1 Ra4 74. Bd2 Ra2 75. Ke1 Ra1+ 76. Ke2 Ra2 77. Rc1 Bd6 78. Rb1 Be5 79. Rc1 Bd6 80. Kd1 Ra4 81. Rb1 Bc7 82. b5 Bb6 83. Rc1 Ra3 84. Rb1 Kc4 85. Ke2 Rb3 86. Rh1 Rxb5 87. Rh4 Re5 88. Be1 Re6 89. Bg3 Bc5 90. Rh5 Ra6 91. Bf4 Ra2+ 92. Kf1 Bb4 93. Re5 Kd3 94. Rd5+ Kc2 1-0

[Event "NED-ch63"]
[Site "Hilversum"]
[Date "2008.04.05"]
[Round "4"]
[White "Tiviakov, Sergei"]
[Black "Visser, Yge"]
[Result "1/2-1/2"]
[WhiteElo "2634"]
[BlackElo "2477"]
[PlyCount "112"]
[EventDate "2008.04.02"]
[EventType "tourn"]
[EventRounds "11"]
[EventCountry "NED"]
[EventCategory "12"]
[SourceTitle "CBM 124"]
[Source "ChessBase"]
[SourceDate "2008.05.28"]
[SourceVersion "1"]
[SourceVersionDate "2008.05.28"]
[SourceQuality "1"]

1. e4 e5 2. Nf3 Nc6 3. Bb5 Nf6 4. d3 d6 5. 0-0 g6 6. Re1 Bg7 7. c3 0-0 8. Bg5 Bd7 9. Nbd2 h6 10. Bh4 Qe8 11. Nf1 Nh5 12. Ne3 Nf4 13. Bg3 Ne6 14. Bc4 Kh8 15. Bxe6 Bxe6 16. d4 Bd7 17. dxe5 dxe5 18. Nd5 Rc8 19. b4 f6 20. Nd2 Qf7 21. Nb3 b6 22. c4 Be6 23. Qd2 Ne7 24. b5 c6 25. bxc6 Nxc6 26. Rad1 Nd8 27. Qd3 Nb7 28. f4 exf4 29. Bxf4 g5 30. Be3 f5 31. Bd4 f4 32. Bxg7+ Qxg7 33. e5 Rfd8 34. Qe4 Qh7 35. Qe2 Qf7 36. a4 Nc5 37. Nxc5 Rxc5 38. Nf6 Rdc8 39. Ne4 Rxe5 40. Nd6 Rxe2 41. Nxf7+ Bxf7 42. Rxe2 Bh5 43. Ree1 Bxd1 44. Rxd1 Rxc4 45. Rd8+ Kg7 46. Rd7+ Kg6 47. Rxa7 Kh5 48. a5 bxa5 49. Rxa5 Kh4 50. Ra3 Kg4 51. h3+ Kh4 52. Kh2 Rc2 53. Rb3 Re2 54. Ra3 h5 55. Rf3 Re4 56. Rf2 Re3 1/2-1/2

[Event "NED-ch63"]
[Site "Hilversum"]
[Date "2008.04.03"]
[Round "2"]
[White "L'Ami, Erwin"]
[Black "Visser, Yge"]
[Result "1/2-1/2"]
[WhiteElo "2600"]
[BlackElo "2477"]
[PlyCount "69"]
[EventDate "2008.04.02"]
[EventType "tourn"]
[EventRounds "11"]
[EventCountry "NED"]
[EventCategory "12"]
[SourceTitle "CBM 124"]
[Source "ChessBase"]
[SourceDate "2008.05.28"]
[SourceVersion "1"]
[SourceVersionDate "2008.05.28"]
[SourceQuality "1"]

1. e4 e6 2. d4 d5 3. Nc3 Nf6 4. Bd3 Nc6 5. Nf3 Bb4 6. e5 Ne4 7. 0-0 Nxc3 8. bxc3 Bxc3 9. Rb1 Bd7 10. Rxb7 Nxd4 11. Bf4 Bc6 12. Rb1 Qd7 13. Bxh7 Nxf3+ 14. Qxf3 Rxh7 15. Qxc3 d4 16. Qd3 Rh4 17. Bg3 Rh5 18. Rfd1 Qd5 19. f3 Rd8 20. Rb4 Qxa2 21. Rxd4 Rxd4 22. Qxd4 Qd5 23. Qxd5 Bxd5 24. Ra1 Kd7 25. Rxa7 Rh8 26. Ra4 Ra8 27. Rg4 Ra1+ 28. Kf2 g6 29. c4 Ra2+ 30. Ke3 Bb7 31. Bh4 Ba6 32. Kd4 Kc6 33. Bf6 Rc2 34. Kd3 Rxc4 35. Rxc4+ 1/2-1/2

[Event "NED-chT 0708"]
[Site "Netherlands"]
[Date "2008.03.08"]
[Round "7.2"]
[White "Roobol, Martin"]
[Black "Visser, Yge"]
[Result "1-0"]
[WhiteElo "2297"]
[BlackElo "2474"]
[PlyCount "75"]
[EventDate "2007.09.15"]
[EventType "team-tourn"]
[EventRounds "9"]
[EventCountry "NED"]
[SourceTitle "EXT 2009"]
[Source "ChessBase"]
[SourceDate "2008.11.26"]
[SourceVersion "1"]
[SourceVersionDate "2008.11.26"]
[SourceQuality "1"]
[WhiteTeam "Leiden LSG II"]
[BlackTeam "Groningen Hotels"]
[WhiteTeamCountry "NED"]
[BlackTeamCountry "NED"]

1. d4 Nf6 2. c4 g6 3. Nc3 Bg7 4. e4 d6 5. Nf3 0-0 6. h3 c6 7. Bg5 Na6 8. Be2 b5 9. cxb5 cxb5 10. Bxb5 Rb8 11. Qe2 Qa5 12. 0-0 Bb7 13. e5 Nc7 14. exf6 exf6 15. Bf4 Bxf3 16. Qxf3 Nxb5 17. Nxb5 Rxb5 18. Bxd6 Rd8 19. b4 Qa4 20. Be7 Re8 21. Bc5 f5 22. Qb3 Qa6 23. Rfe1 Rbb8 24. Rad1 Re2 25. Rxe2 Qxe2 26. d5 Bc3 27. a3 f4 28. d6 f3 29. d7 Rd8 30. Qd5 fxg2 31. Bxa7 Qa6 32. Bc5 Bf6 33. Qd3 Qe6 34. a4 Qc6 35. a5 Rb8 36. Bb6 Bd8 37. Bxd8 Rxd8 38. b5 1-0

[Event "NRW Class1 0708"]
[Site "Germany"]
[Date "2008.03.02"]
[Round "7.1"]
[White "Deleyn, Gunter"]
[Black "Visser, Yge"]
[Result "0-1"]
[WhiteElo "2303"]
[BlackElo "2474"]
[PlyCount "114"]
[EventDate "2007.09.16"]
[EventType "team"]
[EventRounds "9"]
[EventCountry "GER"]
[SourceTitle "EXT 2009"]
[Source "ChessBase"]
[SourceDate "2008.11.26"]
[SourceVersion "1"]
[SourceVersionDate "2008.11.26"]
[SourceQuality "1"]
[WhiteTeam "Castrop Rauxel"]
[BlackTeam "Wattenscheid II"]
[WhiteTeamCountry "GER"]
[BlackTeamCountry "GER"]

1. g3 e5 2. Bg2 Nc6 3. d3 Bc5 4. Nf3 d6 5. 0-0 Nge7 6. c3 0-0 7. a4 a5 8. Na3 d5 9. e4 dxe4 10. dxe4 Qxd1 11. Rxd1 Be6 12. Nb5 Rad8 13. Re1 Bb6 14. Be3 f6 15. Bxb6 cxb6 16. Nc7 Bb3 17. Bh3 Rd6 18. Ra3 Bf7 19. Bf1 Rfd8 20. Be2 R6d7 21. Nb5 Nc8 22. Kg2 Nd6 23. Nxd6 Rxd6 24. Raa1 g5 25. Red1 Bb3 26. Rxd6 Rxd6 27. Ra3 Be6 28. h3 Kg7 29. Ra1 Bb3 30. Ne1 Rd2 31. Kf3 Rxb2 32. Ke3 Ne7 33. Nd3 Ra2 34. Rxa2 Bxa2 35. Bg4 Bb3 36. Bd7 Nc6 37. Nb2 b5 38. axb5 Nb8 39. Bc8 a4 40. Nd3 a3 41. Nc1 Bc4 42. Bxb7 a2 43. Nxa2 Bxa2 44. Bd5 Bxd5 45. exd5 Nd7 46. Ke4 Kf7 47. Kf5 Nb6 48. d6 Nc4 49. d7 Nd6+ 50. Kg4 Ke7 51. b6 Kxd7 52. c4 Nb7 53. h4 gxh4 54. Kxh4 Ke6 55. Kg4 Nc5 56. Kf3 f5 57. Ke3 h5 0-1